Aspects of Political Development / (Record no. 184914)
[ view plain ]
| 000 -LEADER | |
|---|---|
| fixed length control field | 00810 a2200241 4500 |
| 003 - CONTROL NUMBER IDENTIFIER | |
| control field | Nust |
| 005 - DATE AND TIME OF LATEST TRANSACTION | |
| control field | 20221221104457.0 |
| 010 ## - LIBRARY OF CONGRESS CONTROL NUMBER | |
| LC control number | 95079140 |
| 020 ## - INTERNATIONAL STANDARD BOOK NUMBER | |
| International Standard Book Number | 0669332003 |
| 035 ## - SYSTEM CONTROL NUMBER | |
| System control number | (OCoLC)35096349 |
| 040 ## - CATALOGING SOURCE | |
| Transcribing agency | Nust |
| 082 00 - DEWEY DECIMAL CLASSIFICATION NUMBER | |
| Classification number | 320.917,PYE |
| 245 00 - TITLE STATEMENT | |
| Title | Aspects of Political Development / |
| Statement of responsibility, etc. | Lucian W. Pye |
| 260 ## - PUBLICATION, DISTRIBUTION, ETC. | |
| Place of publication, distribution, etc. | Lahore |
| Name of publisher, distributor, etc. | Allah Wala Printers |
| Date of publication, distribution, etc. | c1996. |
| 300 ## - PHYSICAL DESCRIPTION | |
| Extent | xiii, 205 p; |
| Other physical details | ill., maps ; |
| Dimensions | 24 cm. |
| 505 ## - FORMATTED CONTENTS NOTE | |
| Formatted contents note | PART-1: The General Issues of Political Development (Page-3), PART-II: Particular Issues in Political Development (Page-71). |
| 650 #0 - SUBJECT ADDED ENTRY--TOPICAL TERM | |
| Topical term or geographic name entry element | Comparative economics. |
| 9 (RLIN) | 105456 |
| 650 #0 - SUBJECT ADDED ENTRY--TOPICAL TERM | |
| Topical term or geographic name entry element | Comparative government. |
| 9 (RLIN) | 1703 |
| 700 1# - ADDED ENTRY--PERSONAL NAME | |
| Personal name | Joseph, William A. |
| 9 (RLIN) | 105252 |
| 700 1# - ADDED ENTRY--PERSONAL NAME | |
| Personal name | Kesselman, Mark. |
| 9 (RLIN) | 42721 |
| 700 1# - ADDED ENTRY--PERSONAL NAME | |
| Personal name | Krieger, Joel, |
| Dates associated with a name | 1951- |
| 9 (RLIN) | 105253 |
| 942 ## - ADDED ENTRY ELEMENTS (KOHA) | |
| Source of classification or shelving scheme | |
| Koha item type | Book |
| Call number prefix | 320.917,PYE |
| Withdrawn status | Lost status | Source of classification or shelving scheme | Damaged status | Not for loan | Permanent Location | Current Location | Shelving location | Date acquired | Full call number | Barcode | Date last seen | Price effective from | Koha item type | Public note |
|---|---|---|---|---|---|---|---|---|---|---|---|---|---|---|
| Military College of Signals (MCS) | Military College of Signals (MCS) | General Stacks | 12/12/2016 | 320.917,PYE | MCS34401 | 12/08/2016 | 12/12/2016 | Book | Almirah No.49, Shelf No.5 | |||||
| Military College of Signals (MCS) | Military College of Signals (MCS) | General Stacks | 12/12/2016 | 320.917,PYE | MCS34402 | 12/08/2016 | 12/12/2016 | Book | Almirah No.73, Shelf No.4 |
